000 00515nam a2200097Ia 4500
008 170517s9999 xx 000 0 und d
245 4 _aThe Coming Pandemic
300 _aWhether it's the seemingly annual discovery of a new flu-like virus accompanied by doom-and-gloom press coverage, or the popularity of viral-born zombie epidemics in Hollywood fare these days, or some other form of allusion to an impending cataclysmic viral...
650 _xTechnology.
856 _uhttp://topdocumentaryfilms.com/coming-pandemic/
999 _c335102
_d335102